ARRUPE JESUIT UNIVERSITY

CORONAVIRUS -STOP THE SPREAD - CLEAN,DISINFECT,COVER

Catholicism : (Record no. 129720)

MARC details
000 -LEADER
fixed length control field 02170cam a2200349 a 4500
001 - CONTROL NUMBER
control field 16632060
003 - CONTROL NUMBER IDENTIFIER
control field ARRUPE
005 - DATE AND TIME OF LATEST TRANSACTION
control field 20190819142102.0
008 - FIXED-LENGTH DATA ELEMENTS--GENERAL INFORMATION
fixed length control field 110201s2011 nyua 001 0 eng
010 ## - LIBRARY OF CONGRESS CONTROL NUMBER
LC control number 2011003540
020 ## - INTERNATIONAL STANDARD BOOK NUMBER
International Standard Book Number 9780307720511 :
Terms of availability $27.99
020 ## - INTERNATIONAL STANDARD BOOK NUMBER
Cancelled/invalid ISBN 9780307720535 (eISBN)
020 ## - INTERNATIONAL STANDARD BOOK NUMBER
International Standard Book Number 0307720519
020 ## - INTERNATIONAL STANDARD BOOK NUMBER
Cancelled/invalid ISBN 0307720535 (eISBN)
035 ## - SYSTEM CONTROL NUMBER
System control number (OCoLC)ocn699763910
040 ## - CATALOGING SOURCE
Original cataloging agency DLC
Transcribing agency DLC
Modifying agency BTCTA
-- YDXCP
-- HSA
-- VP@
-- ABG
-- BWX
-- DLC
050 00 - LIBRARY OF CONGRESS CALL NUMBER
Classification number BX1751.3
Item number .B376 2011
082 00 - DEWEY DECIMAL CLASSIFICATION NUMBER
Classification number 230/.2
Edition number 22
300 ## - PHYSICAL DESCRIPTION
Other physical details ill. ;
Dimensions 24 cm.
100 1# - MAIN ENTRY--PERSONAL NAME
Personal name Barron, Robert,
Dates associated with a name 1959-
9 (RLIN) 47851
245 10 - TITLE STATEMENT
Title Catholicism :
Remainder of title a journey to the heart of the faith /
Statement of responsibility, etc Robert Barron.
250 ## - EDITION STATEMENT
Edition statement 1st ed.
260 ## - PUBLICATION, DISTRIBUTION, ETC. (IMPRINT)
Place of publication, distribution, etc New York :
Name of publisher, distributor, etc Image Books,
Date of publication, distribution, etc c2011.
300 ## - PHYSICAL DESCRIPTION
Extent 291 p. :
500 ## - GENERAL NOTE
General note Includes index.
505 0# - FORMATTED CONTENTS NOTE
Formatted contents note The Catholic thing -- Amazed and afraid : the revelation of God become man -- Happy are we : the teachings of Jesus -- "That than which nothing greater can be thought" : the ineffable mystery of God -- Our tainted nature's solitary boast : Mary, the Mother of God -- The indispensable men : Peter, Paul, and the missionary adventure -- A body both suffering and glorious : the mystical union of Christ and the Church -- Word made flesh, true bread of heaven : the mystery of the Church's sacrament and worship -- A vast company of witnesses : the Communion of Saints -- The fire of His love : prayer and the life of the Spirit -- World without end : the last things -- It's all about God.
610 20 - SUBJECT ADDED ENTRY--CORPORATE NAME
Corporate name or jurisdiction name as entry element Catholic Church
General subdivision Doctrines.
9 (RLIN) 47852
650 ## - SUBJECT ADDED ENTRY--TOPICAL TERM
Topical term or geographic name as entry element Theology, Doctrinal
9 (RLIN) 47853
856 42 - ELECTRONIC LOCATION AND ACCESS
Materials specified Contributor biographical information
Uniform Resource Identifier <a href="http://www.loc.gov/catdir/enhancements/fy1201/2011003540-b.html">http://www.loc.gov/catdir/enhancements/fy1201/2011003540-b.html</a>
856 42 - ELECTRONIC LOCATION AND ACCESS
Materials specified Publisher description
Uniform Resource Identifier <a href="http://www.loc.gov/catdir/enhancements/fy1201/2011003540-d.html">http://www.loc.gov/catdir/enhancements/fy1201/2011003540-d.html</a>
856 41 - ELECTRONIC LOCATION AND ACCESS
Materials specified Sample text
Uniform Resource Identifier <a href="http://www.loc.gov/catdir/enhancements/fy1201/2011003540-s.html">http://www.loc.gov/catdir/enhancements/fy1201/2011003540-s.html</a>
906 ## - LOCAL DATA ELEMENT F, LDF (RLIN)
a 7
b cbc
c orignew
d 1
e ecip
f 20
g y-gencatlg
942 ## - ADDED ENTRY ELEMENTS (KOHA)
Source of classification or shelving scheme Library of Congress Classification
Koha item type Monograph ( Printed materials)
Holdings
Withdrawn status Lost status Source of classification or shelving scheme Damaged status Not for loan Collection code Home library Current library Shelving location Date acquired Total Checkouts Full call number Barcode Date last seen Date checked out Price effective from Koha item type
    Library of Congress Classification     Main Collection ARRUPE LIBRARY ARRUPE LIBRARY Main Collection 19/08/2019 1 BX1751.3 .B376 2011 46600004986 28/05/2021 04/11/2019 19/08/2019 Monograph ( Printed materials)

 

Arrupe Library. PO Box MP320 Mt Pleasant, Harare, Zimbabwe
263 242 745411|librarian@aju.ac.zw